| 000 -LEADER |
| fixed length control field |
00774nam a22002177a 4500 |
| 003 - CONTROL NUMBER IDENTIFIER |
| control field |
OSt |
| 005 - DATE AND TIME OF LATEST TRANSACTION |
| control field |
20260427121700.0 |
| 008 - FIXED-LENGTH DATA ELEMENTS--GENERAL INFORMATION |
| fixed length control field |
260427b ||||| |||| 00| 0 eng d |
| 040 ## - CATALOGING SOURCE |
| Original cataloging agency |
BSHUA |
| Language of cataloging |
Shqip |
| 050 ## - LIBRARY OF CONGRESS CALL NUMBER |
| Item number |
785.6:787.3/Bok. |
| 082 ## - DEWEY DECIMAL CLASSIFICATION NUMBER |
| Item number |
785.6:787.3/Bok. |
| 100 ## - MAIN ENTRY--PERSONAL NAME |
| Personal name |
Boccherini, Luigi |
| 245 ## - TITLE STATEMENT |
| Title |
Konzert B-Dur fur Violoncello und Orchester : ausgabe fur Violoncello und Klavier |
| 260 ## - PUBLICATION, DISTRIBUTION, ETC. (IMPRINT) |
| Place of publication, distribution, etc |
Leipzig: |
| Name of publisher, distributor, etc |
VEB Breitkopf & Hartel Musikverlag, |
| 300 ## - PHYSICAL DESCRIPTION |
| Extent |
2 parte |
| 653 ## - INDEX TERM--UNCONTROLLED |
| Uncontrolled term |
Muzika boterore - Muzika italiane - Muzika instrumentale - Muzike per violincel - Koncerti - |
| -- |
Koncert per Violincel dhe Piano - B dur - |
| -- |
Part Celo + Part Piano |
| 700 ## - ADDED ENTRY--PERSONAL NAME |
| Relator code |
herausgegeben von Friedrich Grutzmacher |
| 856 ## - ELECTRONIC LOCATION AND ACCESS |
| Link text |
Fulltext |
| 942 ## - ADDED ENTRY ELEMENTS (KOHA) |
| Source of classification or shelving scheme |
|
| Koha item type |
Music Parts |
| 953 ## - Fulltext |
| Is Fulltext Available |
Unavailable |